| 000 | 00869nam a22002297a 4500 | ||
|---|---|---|---|
| 999 |
_c65347 _d65347 |
||
| 005 | 20240530110820.0 | ||
| 008 | 190115s2002 ua a f 000 0 ara d | ||
| 017 |
_a17/2936 _bمصر . دار الكتب |
||
| 020 | _a2001/17233 | ||
| 040 |
_aEG-CaGPL _cEG-CaGPL |
||
| 082 | 0 | 4 |
_221 _a781.6296203 / _bم ق |
| 100 | 0 | _aمحمد عمران | |
| 245 | 1 | 0 |
_aقاموس مصطلحات الموسيقا الشعبية المصرية / _cتأليف محمد عمران |
| 250 | _aط.1 | ||
| 260 |
_aالقاهرة : _bعين للدراسات والبحوث الانسانية والاجتماعية ، |
||
| 300 |
_a303 ص. : _bايض ؛ _c22 سم. |
||
| 650 | 0 | 7 |
_2qrmak _aالموسيقى الشعبية _vقاموس |
| 650 | 0 | 7 |
_aالموسيقى الشعبية _2qrmak _zمصر |
| 651 | _2qrmak | ||
| 942 |
_2ddc _cBK |
||